Normal view
MARC view
- : Friedman, William F. (William Frederick)
Entry Personal Name
001 - CONTROL NUMBER
- control field: 112403
003 - CONTROL NUMBER IDENTIFIER
- control field: NUST
005 - DATE AND TIME OF LATEST TRANSACTION
- control field: 20230517103411.0
008 - FIXED-LENGTH DATA ELEMENTS
- fixed length control field: 230517|| aca||aabn | a|a d
040 ## - CATALOGING SOURCE
- Original cataloging agency: NUST
- Transcribing agency: NUST
100 ## - HEADING--PERSONAL NAME
- Personal name: : Friedman, William F. (William Frederick)
670 ## - SOURCE DATA FOUND
- Source citation: Work cat.: (NUST)179069: : Friedman, William F. (William Frederick),, Elements of cryptanalysis /
